000 01738nkm a2200529 a 4500
001 21639
003 VRT
005 20260307100811.0
008 160430s2013 xo a 00 kuslo
015 _aSNBA2013/07
020 _a9788055135281 (viaz.)
039 9 _a202408131137
_bAUTHORITY
_c202408131136
_dAUTHORITY
_c201911081423
_dmbpksh02
_c201604301132
_dVLOAD
040 _aPOKPOH
_bslo
_cPOKPOH
_dSNK
_eAACR2
041 0 _aslo
044 _axo
_cSK
072 7 _a821.162.4-1
_xSlovenská poézia
_2konspekt
072 7 _a821-93
_xLiteratúra pre deti a mládež (beletria)
_2konspekt
080 _a821.162.4-1
_22001
080 _a(0.025.2)
_22001
080 _a821-93
_22001
100 1 _aMiler, Zdeněk,
_d1921-2011
_4ill
245 1 0 _aKrtko a zázračné slovíčka
_c[text] Nataša Ďurinová ; [ilustrácie] Zdeněk Miler
250 _a1. vyd.
260 _aBratislava
_bIkar
_c2013
300 _a[12 s.]
_bilustr.
_c18 x 18 cm
500 _aKartónové listy
521 _aPre deti od troch rokov
655 7 _aslovenská poézia
_2SNKPH
655 7 _aleporelá
_2SNKPH
655 7 _aSlovak poetry
_2SNKPHeng
655 7 _apublikácie pre deti
_2SNKPH
655 7 _aPicture books for children
_2SNKPHeng
655 7 _arečňovanky
_2SNKPH
655 7 _aChildren’s literature
_2SNKPHeng
655 7 _aNursery rhyme
_2SNKPHeng
700 1 _aĎurinová, Nataša,
_d1955-
_4aut
910 _apokpoh
910 _attkjf
910 _asnk
910 _askpk
910 _atotk
910 _abpksh
942 _2ddc
_cKLDE
_n0
949 _617A1069987
_asnkSD 82226
_bsnk2013/14750
_o1446/13
949 _617A1069986
_asnkSD 82226 D1
_bsnk2013/14751
_o1446/13
949 _63869A14598
_abpksh821.162.4-93-1
_bbpksh72515
999 _c21639
_d21639